International Economics

Guardado en:
Detalles Bibliográficos
Autor principal: Kindleberger, Charles P.
Formato: Libro
Lenguaje:inglés
Publicado: Homewood Irwin 1953
Edición:1. ed.
Materias:
Etiquetas: Agregar Etiqueta
Sin Etiquetas, Sea el primero en etiquetar este registro!

MARC

LEADER 00000nam a2200000 4500
001 c004656
005 20221207074703.0
041 0 |a eng 
044 |a US 
245 1 0 |a International Economics  |c Charles P. Kindleberger 
250 |a 1. ed. 
264 1 |a Homewood  |b Irwin  |c 1953 
300 |a 543 s. 
610 2 0 |a hospodárstvo svetové 
610 2 0 |a trh devízový 
610 2 0 |a trh zahraničný 
610 2 0 |a účty bežné 
610 2 0 |a bilancia platobná 
610 2 0 |a obchod medzinárodný 
610 2 0 |a dopyt 
100 1 |a Kindleberger, Charles P.